Country in the world by clue #1 - Statistics

General Stats
  • This quiz has been taken 33 times
  • The average score is 11 of 19
Answer Stats
Clue Answer % Correct
Have three capitals South Africa
88%
Double landlocked country in europe Liechtenstein
84%
Have exact same name as a US state Georgia
78%
Call as Polska in it's language Poland
75%
Borders both US and Denmark Canada
72%
Landlocked and in Southeast Asia Laos
69%
Only Dutch country in South America Suriname
69%
Jetpunk recognize it but not the UN,in europe Kosovo
59%
Smallest country in Oceania Nauru
59%
Latest country South Sudan
59%
Latest country gained independent in Central America Belize
56%
Have a simular flag with Qatar Bahrain
53%
Oldest country San Marino
50%
Only country never get colonized in africa Liberia
44%
Capital is Apia Samoa
44%
The country's capital is port of "another country name" Trinidad and tobago
41%
The capital of this country is on an island but it's not an island country(other than denmark) Equatorial guinea
38%
Have highest life expectancy in the world Monaco
28%
Most nobel prize per capita Saint Lucia
22%
No matching quizzes found
Score Distribution
Percent of People with Each Score
Percentile by Number Answered
Your Score History
You have not taken this quiz